Zofia Hertz
| Titel: | Zofia Hertz : życie na miarę Kultury / Kamila Łabno-Hajduk. |
|---|---|
| Verfasser: | |
| Veröffentlicht: | Wrocław; Wojnowice; Paryż : KEW, 2023 |
| Umfang: | 360 Seiten : Illustrationen ; 24 cm |
| Format: | Buch |
| Sprache: | Polnisch |
| ISBN: | 9788378933083 ; 8378933083 |
| Hinweise zum Inhalt: |
Inhaltsverzeichnis
Buch Bibliographie Cover Register Abstract |
alg: 51454488 001A $03004:09-01-24 001B $01999:14-11-25 $t09:57:28.000 001D $03004:09-01-24 001U $0utf8 001X $00 002@ $0Aau 002C $aText $btxt $2rdacontent 002D $aohne Hilfsmittel zu benutzen $bn $2rdamedia 002E $aBand $bnc $2rdacarrier 003@ $0514544880 003O $01398015269 $aOCoLC 004A $A978-83-7893-308-3 004A $083-7893-308-3 006C $01378553570 $aOCoLC 007A $0514544880 $aHEB 007G $0DE0200057A80C60B5C2A4C1258AFB0030C03F 009P $qapplication/pdf $A2 $3Inhaltsverzeichnis $uhttp://scans.hebis.de/HEBCGI/show.pl?51454488_toc.pdf $mV:DE-603;B:DE-Mb50 009P $qapplication/pdf $A2 $3Buch Bibliographie $uhttp://scans.hebis.de/HEBCGI/show.pl?51454488_bib.pdf $mV:DE-603;B:DE-Mb50 009P $qapplication/pdf $A2 $3Cover $uhttp://scans.hebis.de/HEBCGI/show.pl?51454488_cov.pdf $mV:DE-603;B:DE-Mb50 009P $qapplication/pdf $A2 $3Register $uhttp://scans.hebis.de/HEBCGI/show.pl?51454488_idx.pdf $mV:DE-603;B:DE-Mb50 009P $qapplication/pdf $A2 $3Abstract $uhttp://scans.hebis.de/HEBCGI/show.pl?51454488_sum.pdf $mV:DE-603;B:DE-Mb50 010@ $apol 010E $erda 011@ $a2023 $n2023 013D $RBiograf $RLebenslauf $RBiografik $#Biographies $#Biography $#Biographies -- Histoire et critique $#Biographie $#Biographisches Nachschlagewerk $#Lebensbeschreibung $#Berühmte Persönlichkeit Biografie $#Biografisches Nachschlagewerk $74006804-3 $8Biografie [Ts1] $9085010375 021A $aZofia Hertz $dżycie na miarę Kultury $hKamila Łabno-Hajduk. 028A $BVerfasser $4aut $7 $8Łabno, Kamila [Tnu] $9514544783 033A $pWrocław $pWojnowice $pParyż $nKEW 034D $a360 Seiten 034I $a24 cm 034M $aIllustrationen 037A $aLiteraturverzeichnis Seite 327-347 044A $aHertz, Zofia $2dbn $S17 $d(1911-2003) $N600 044A $aHertz, Zofia $2jhpk $S17 $d(1911-2003) $N600 044A $aInstytut Literacki (Paryż) $2dbn $S27 $N610 044A $aFrancja $2dbn $S#7 $N651 044A $aPolska $2dbn $S#7 $N651 044A $aEdytorzy $2dbn $S#7 $N650 044A $aPolacy za granicą $2dbn $S#7 $N650 044A $aŻycie literackie $2dbn $S#7 $N650 044A $aBiografia $2dbn $S#7 $N655 044K $#Neuding, Zofia $7129593281 $8Hertz, Zofia$Z1911-2003 [Tp1] $9125155034 044K $RPolen-Litauen $RKongresspolen $RWestgalizien $RStaat Krakau $#Generalgouvernement Polen $#Polska $#Rzeczpospolita Polska $#Polska Rzeczpospolita Ludowa $#Poland $#Pologne $#République Polonaise $#Generalne Gubernatorstwo w Polsce $#Polish People's Republic $#Polska Rzeczpospolita Polen $#PRL $#RP $#Polen Generalgouvernement $#Polska Generalgouvernement $#Besetzte Polnische Gebiete $#Besetztes Gebiet in Polen $#Okupowane Polskie Obszary $#Obszary Okupowane w Polsce $#Volksrepublik Polen $#Polska Rosyjska $#Republic Polen $#Respublika Pol'ša $#Pol'skaja Narodnaja Respublika $#République de Pologne $#Polen Links der Weichsel $#Polska po Lewej Stronie Wisły $#Lenkija $#Polija $#Gubernija Carstva Pol'skago $#Republik Polen $74046496-9 $8Polen [Tg1] $9085129801 044K $RZeitschrift $RExilpresse $#Exilzeitschriften $#Exil Zeitschrift $74153311-2 $8Exilzeitschrift [Ts1] $9085642975 044K $#Frankreich $#Frankreich $#France $#La France $#République Française $#France $#Francija $#Französische Republik $#Empire Français $#République Française $#France Royaume $#Royaume Français $#Fränkische Republik $#Frankreich Kaiserreich $#Frankreich Königreich $#Ṣārfat $#Repubblica Francese $74018145-5 $8Frankreich [Tgz] $9085042463 044K $#Casa Editrice Lettere Paris $#Instytut Literacki Firma $#Institut Littéraire Firma $#Instytut Literacki Paris $#Literarisches Institut Paris $#Casa editrice lettere Paris $#Institut littéraire Paris $71007087-4 $8Institut Littéraire$gParis [Tb1] $9041906373 044K $#Kultura : szkice, opowiadania, sprawozdania $#DE-Mar1 $#La @Culture $74221023-9 $8$aKultura$gZeitschrift, Paris [Tu1] $9086141368 045F $a809 $eDDC23BSB 045F/01 $a809 045F/03 $f0904 045F/03 $g438 047C $aŻycie na miarę Kultury lok: 51454488 24 exp: 51454488 24 1 #EPN 201B/01 $026-01-24 $t10:16:25.000 201C/01 $009-01-24 201U/01 $0utf8 203@/01 $01253989478 208@/01 $a26-01-24 $bz 209A/01 $a24.00156 $du $f050 $h24 00156 $x00 209C/01 $a24.00156 K $h24 00156 K 209G/01 $a74820557 $x00 220C/01 $ahae 247C/01 $8358050-7Marburg, Bibliothek des Herder-Instituts Marburg $9102600961 lok: 51454488 78 exp: 51454488 78 1 #EPN 201B/01 $001-02-24 $t14:58:03.000 201C/01 $001-02-24 201U/01 $0utf8 203@/01 $01255541660 208@/01 $a01-02-24 $be 209A/01 $a/ $f000 $x00 209A/01 $ab*p $x01 220C/01 $apgar 244Z/01 $#Generalgouvernement Polen $#Polska $#Rzeczpospolita Polska $#Polska Rzeczpospolita Ludowa $#Poland $#Pologne $#République Polonaise $#Generalne Gubernatorstwo w Polsce $#Polish People's Republic $#Polska Rzeczpospolita Polen $#PRL $#RP $#Polen Generalgouvernement $#Polska Generalgouvernement $#Besetzte Polnische Gebiete $#Besetztes Gebiet in Polen $#Okupowane Polskie Obszary $#Obszary Okupowane w Polsce $#Volksrepublik Polen $#Polska Rosyjska $#Republic Polen $#Respublika Pol'ša $#Pol'skaja Narodnaja Respublika $#République de Pologne $#Polen Links der Weichsel $#Polska po Lewej Stronie Wisły $#Lenkija $#Polija $#Gubernija Carstva Pol'skago $#Republik Polen $74046496-9 $8--Tg1--Polen $x01 $9085129801 247C/01 $82080>Marburg/Lahn, Herder-Institut, Forschungsbibliothek, Bibliographieportal $9336309341
| LEADER | 00000cam a2200000 c 4500 | ||
|---|---|---|---|
| 001 | 514544880 | ||
| 003 | DE-603 | ||
| 005 | 20251114095728.0 | ||
| 007 | tu | ||
| 008 | 240109s2023 xx |||| | u00||u|pol c | ||
| 020 | |a 9788378933083 | ||
| 020 | |a 8378933083 | ||
| 035 | |a (DE-599)HEB514544880 | ||
| 035 | |a (OCoLC)1398015269 | ||
| 040 | |a DE-603 |b ger |c DE-603 |d DE-603 |e rda | ||
| 041 | |a pol | ||
| 082 | 0 | 4 | |8 1\u |a 809 |q DE-101 |2 23/BSB |
| 085 | |8 1\u |b 809 | ||
| 085 | |8 1\u |z 1 |s 0904 | ||
| 085 | |8 1\u |z 2 |s 438 | ||
| 100 | 1 | |a Łabno, Kamila |e Verfasser |4 aut |0 (DE-603)514544783 | |
| 245 | 0 | 0 | |a Zofia Hertz |b życie na miarę Kultury |c Kamila Łabno-Hajduk. |
| 246 | 1 | 0 | |a Życie na miarę Kultury |
| 264 | 1 | |a Wrocław |a Wojnowice |a Paryż |b KEW |c 2023 | |
| 300 | |a 360 Seiten |b Illustrationen |c 24 cm | ||
| 336 | |a Text |b txt |2 rdacontent | ||
| 337 | |a ohne Hilfsmittel zu benutzen |b n |2 rdamedia | ||
| 338 | |a Band |b nc |2 rdacarrier | ||
| 500 | |a Literaturverzeichnis Seite 327-347 | ||
| 600 | 1 | 7 | |a Hertz, Zofia |d 1911-2003 |0 (DE-588)129593281 |0 (DE-603)125155034 |2 gnd |
| 610 | 1 | 7 | |a Institut Littéraire |g Paris |2 gnd |0 (DE-588)1007087-4 |0 (DE-603)041906373 |
| 630 | 0 | 7 | |a Kultura |g Zeitschrift, Paris |0 (DE-588)4221023-9 |0 (DE-603)086141368 |2 gnd |
| 650 | 7 | |a Exilzeitschrift |0 (DE-588)4153311-2 |0 (DE-603)085642975 |2 gnd | |
| 651 | 7 | |a Polen |0 (DE-588)4046496-9 |0 (DE-603)085129801 |2 gnd | |
| 651 | 7 | |a Frankreich |0 (DE-588)4018145-5 |0 (DE-603)085042463 |2 gnd | |
| 655 | 7 | |a Biografie |2 gnd-content |0 (DE-588)4006804-3 |0 (DE-603)085010375 | |
| 856 | 4 | 2 | |m V:DE-603;B:DE-Mb50 |q application/pdf |u http://scans.hebis.de/HEBCGI/show.pl?51454488_toc.pdf |3 Inhaltsverzeichnis |
| 856 | 4 | 2 | |m V:DE-603;B:DE-Mb50 |q application/pdf |u http://scans.hebis.de/HEBCGI/show.pl?51454488_bib.pdf |3 Buch Bibliographie |
| 856 | 4 | 2 | |m V:DE-603;B:DE-Mb50 |q application/pdf |u http://scans.hebis.de/HEBCGI/show.pl?51454488_cov.pdf |3 Cover |
| 856 | 4 | 2 | |m V:DE-603;B:DE-Mb50 |q application/pdf |u http://scans.hebis.de/HEBCGI/show.pl?51454488_idx.pdf |3 Register |
| 856 | 4 | 2 | |m V:DE-603;B:DE-Mb50 |q application/pdf |u http://scans.hebis.de/HEBCGI/show.pl?51454488_sum.pdf |3 Abstract |
| 924 | 0 | |9 Mb 50 |a (DE-603)1253989478 |b DE-Mb50 |c HES |d c |g 24.00156 | |
| 924 | 0 | |9 2080 |a (DE-603)1255541660 |b DE-2080 |c HES |d d |g / | |


